Normal view MARC view

Entry Personal Name

Number of records used in: 1

001 - CONTROL NUMBER

  • control field: 1064373

003 - CONTROL NUMBER IDENTIFIER

  • control field: OSt

005 - DATE AND TIME OF LATEST TRANSACTION

  • control field: 20260121170458.0

008 - FIXED-LENGTH DATA ELEMENTS

  • fixed length control field: 260121|| aca||aabn | a|a d

040 ## - CATALOGING SOURCE

  • Original cataloging agency: OSt
  • Transcribing agency: OSt

100 ## - HEADING--PERSONAL NAME

  • Personal name: Alina Álvarez Larrain, Catriel Greco

670 ## - SOURCE DATA FOUND

  • Source citation: Work cat.: (OSt)1630102: Alina Álvarez Larrain, Catriel Greco, Political Landscapes of the Late Intermediate Period in the Southern Andes
Copyright @ Delhi University Library System